<?xml version="1.0" encoding="UTF-8"?>
<record
    xmlns:xsi="http://www.w3.org/2001/XMLSchema-instance"
    xsi:schemaLocation="http://www.loc.gov/MARC21/slim http://www.loc.gov/standards/marcxml/schema/MARC21slim.xsd"
    xmlns="http://www.loc.gov/MARC21/slim">

  <leader>00888nam a22002177a 4500</leader>
  <controlfield tag="005">20220521095257.0</controlfield>
  <controlfield tag="008">220520b           ||||| |||| 00| 0 eng d</controlfield>
  <datafield tag="020" ind1=" " ind2=" ">
    <subfield code="a">9789383765263</subfield>
  </datafield>
  <datafield tag="040" ind1=" " ind2=" ">
    <subfield code="c">Aloy</subfield>
  </datafield>
  <datafield tag="041" ind1=" " ind2=" ">
    <subfield code="a">kan</subfield>
  </datafield>
  <datafield tag="082" ind1=" " ind2=" ">
    <subfield code="2">23</subfield>
    <subfield code="a">346K</subfield>
    <subfield code="b">POOK</subfield>
  </datafield>
  <datafield tag="100" ind1=" " ind2=" ">
    <subfield code="a">Thonse Narayana Poojary: &#xCA4;&#xCCB;&#xCA8;&#xCCD;&#xCB8;&#xCC6; &#xCA8;&#xCBE;&#xCB0;&#xCBE;&#xCAF;&#xCA3; &#xCAA;&#xCC2;&#xC9C;&#xCBE;&#xCB0;&#xCBF; </subfield>
    <subfield code="9">38346</subfield>
  </datafield>
  <datafield tag="245" ind1=" " ind2=" ">
    <subfield code="a">Kanunu peetada olumeya osarugalu: &#xC95;&#xCBE;&#xCA8;&#xCC2;&#xCA8;&#xCC1; &#xCAA;&#xCC0;&#xCA0;&#xCA6; &#xC92;&#xCB2;&#xCC1;&#xCAE;&#xCC6;&#xCAF; &#xC92;&#xCB8;&#xCB0;&#xCC1;&#xC97;&#xCB3;&#xCC1; </subfield>
  </datafield>
  <datafield tag="260" ind1=" " ind2=" ">
    <subfield code="a">Mangaluru;</subfield>
    <subfield code="b">Akrati Ashaya Publications,</subfield>
    <subfield code="c">2018.</subfield>
  </datafield>
  <datafield tag="300" ind1=" " ind2=" ">
    <subfield code="a">xiii,100p.</subfield>
    <subfield code="b">PB</subfield>
    <subfield code="c">21x14cm.</subfield>
  </datafield>
  <datafield tag="365" ind1=" " ind2=" ">
    <subfield code="2">Kannada</subfield>
    <subfield code="a">328</subfield>
    <subfield code="b">127.00</subfield>
    <subfield code="c">&#x20B9;</subfield>
    <subfield code="d">150.00</subfield>
    <subfield code="e">15%</subfield>
    <subfield code="f">12-05-2022</subfield>
  </datafield>
  <datafield tag="650" ind1=" " ind2=" ">
    <subfield code="a">Law: &#xC95;&#xCBE;&#xCA8;&#xCC2;&#xCA8;&#xCC1;</subfield>
    <subfield code="9">38100</subfield>
  </datafield>
  <datafield tag="650" ind1=" " ind2=" ">
    <subfield code="a">Judges: &#xCA8;&#xCCD;&#xCAF;&#xCBE;&#xCAF;&#xCBE;&#xCA7;&#xCC0;&#xCB6;&#xCB0;&#xCC1; </subfield>
    <subfield code="9">38101</subfield>
  </datafield>
  <datafield tag="700" ind1=" " ind2=" ">
    <subfield code="a">POOJARY (Thonse Narayana): &#xCAA;&#xCC2;&#xC9C;&#xCBE;&#xCB0;&#xCBF; (&#xCA4;&#xCCB;&#xCA8;&#xCCD;&#xCB8;&#xCC6; &#xCA8;&#xCBE;&#xCB0;&#xCBE;&#xCAF;&#xCA3;)</subfield>
    <subfield code="9">38102</subfield>
  </datafield>
  <datafield tag="942" ind1=" " ind2=" ">
    <subfield code="2">ddc</subfield>
    <subfield code="c">BK</subfield>
  </datafield>
  <datafield tag="999" ind1=" " ind2=" ">
    <subfield code="c">223025</subfield>
    <subfield code="d">223025</subfield>
  </datafield>
  <datafield tag="952" ind1=" " ind2=" ">
    <subfield code="0">0</subfield>
    <subfield code="1">0</subfield>
    <subfield code="2">ddc</subfield>
    <subfield code="4">0</subfield>
    <subfield code="7">0</subfield>
    <subfield code="8">KAN</subfield>
    <subfield code="a">AL</subfield>
    <subfield code="b">AL</subfield>
    <subfield code="d">2022-05-16</subfield>
    <subfield code="e">Aakrati Aashaya Publications, Mangaluru-575001</subfield>
    <subfield code="g">127.00</subfield>
    <subfield code="l">0</subfield>
    <subfield code="o">346K POOK</subfield>
    <subfield code="p">075795</subfield>
    <subfield code="r">2022-05-20 00:00:00</subfield>
    <subfield code="v">150.00</subfield>
    <subfield code="w">2022-05-20</subfield>
    <subfield code="y">BK</subfield>
  </datafield>
</record>
